000 00312nam a2200145Ia 4500
100 _aRaghavan/M.P
650 _aEthics
942 _cBK
366 _f25
245 _aProfessional ethics and human values
260 _bSci tech
_c2007
082 _a303.372
_bRAG
546 _aENGLISH
_cComputers
999 _c26478
_d26478